000 00485nam a2200181Ia 4500
005 20250326123755.0
008 250326s9999 xx 000 0 und d
037 _aTextbook
040 _aFMSL
_beng
_cFMSL
041 _aeng
_2eng
084 _aS K1
_qFMSL
100 _aNewcomb T M
_9736066
245 0 _aAcquaintance process
_cNewcomb T M
260 _aNY Holt
_bNY Holt, Rinehart and Winston
_c1961
300 _a303p
942 _cTB
_hS K1
999 _c1270903
_d1270903